Cesta pouští. Část 2, Posvátná geometrie, aneb, Zrození hvězdy /

Hlavní autor: Moučka, Ladislav
Jazyk: Čeština
Vydáno: Praha : Půdorys, 1996
Témata:
Fyzický popis: 165 s. : il. ; 31 cm
Knihy
Uloženo v:
LEADER 01472nam a2200409 a 4500
001 000093271
003 CZ BrMZK
005 20230918124638.0
008 960815s1996 xr e cze d
015 |a cnb000167710 
020 |a 80-901741-6-7 
035 |a (OCoLC)37960004 
040 |a BOA001  |b cze 
072 7 |a 133  |x Ezoterismus. Okultismus  |2 Konspekt  |9 17 
080 |a 26-587  |2 MRF 
080 |a 133.5:51  |2 MRF 
080 |a 133:514.1  |2 MRF 
080 |a 133.3:794.43  |2 MRF 
080 |a 141.331  |2 MRF 
080 |a (049)  |2 MRF 
100 1 |a Moučka, Ladislav  |7 kpwa6353  |4 aut 
245 1 0 |a Cesta pouští.  |n Část 2,  |p Posvátná geometrie, aneb, Zrození hvězdy /  |c Ladislav Moučka. 
246 3 |a Hledání dávno ztraceného člověka 
246 3 3 |a Posvátná geometrie, aneb, Zrození hvězdy 
260 |a Praha :  |b Půdorys,  |c 1996 
300 |a 165 s. :  |b il. ;  |c 31 cm 
500 |a Třetí kniha z cyklu Hledání dávno ztraceného člověka. - Bibliogr. - Výt. č. 326 
630 0 7 |a Kniha stvoření  |7 unn2006375249  |2 czenas 
650 0 7 |a kabala  |7 ph114852  |2 czenas 
650 0 7 |a aritmosofie  |7 ph118606  |2 czenas 
650 0 7 |a sakrální geometrie  |7 ph124417  |2 czenas 
650 0 7 |a tarot  |7 ph116402  |2 czenas 
650 0 7 |a hermetismus  |7 ph120689  |2 czenas 
655 7 |a pojednání  |7 fd133056  |2 czenas 
910 |a BOA001  |b Z-1024.565,2 
990 |a BK 
996 6 |b 2610041772  |c Z-1024.565,2  |l MZK  |r Sklad / do 24 hodin  |n 19  |p p.v.  |w 000093271  |u 000010  |a 1  |e BOA001  |j MZK50  |s P